[Event "Manila ol (Men)"]
[Site "Manila"]
[Date "1992.??.??"]
[Round "?"]
[White "Sokolov, Ivan"]
[Black "Marin, Mihail"]
[Result "1-0"]
[WhiteElo "2630"]
[BlackElo "2525"]

1.d4 Nf6 2.c4 c5 3.d5 d6 4.Nc3 g6 5.e4 Bg7 6.f3 O-O 7.Bg5 e6 8.Qd2 h6 9.Be3 exd5
10.cxd5 Re8 11.Nge2 Nbd7 12.Nc1 Ne5 13.Be2 h5 14.O-O Nh7 15.f4 Ng4 16.Bxg4 Bxg4
17.h3 Bd7 18.N1e2 Rc8 19.f5 b5 20.a3 a5 21.fxg6 fxg6 22.Nf4 b4 23.axb4 axb4
24.Nd1 Bb5 25.Re1 Nf8 26.Nf2 Ra8 27.Qc2 Qf6 28.Rxa8 Rxa8 29.Bc1 Ra1 30.e5 Qxf4
31.Bxf4 Rxe1+ 32.Kh2 Re2 33.Qb3 Rxf2 34.Bg3 Bxe5 35.Bxe5 dxe5 36.d6+ Rf7
37.Qc2 Rf5 38.Qxc5 e4 39.Qxb4 Bc6 40.Qe1 Re5 41.Qc3 Re6 42.Qxc6 e3 43.Qd5 e2
44.d7 e1=Q 45.d8=Q Qe3 46.Qb8 Kg7 47.b4 Re7 48.b5 Nd7 49.Qbd6 Kh7 50.Qf3 Qc5
51.Qxc5 Nxc5 52.Qf8  1-0

[Event "Manila ol (Men)"]
[Site "Manila"]
[Date "1992.??.??"]
[Round "?"]
[White "Sokolov, Ivan"]
[Black "Johansen, Darryl K"]
[Result "0-1"]
[WhiteElo "2630"]
[BlackElo "2485"]

1.d4 Nf6 2.c4 e6 3.Nc3 Bb4 4.e3 b6 5.Ne2 Ne4 6.f3 Nxc3 7.bxc3 Be7 8.e4 Nc6
9.Ng3 Ba6 10.Bd3 Na5 11.Qe2 d6 12.O-O Qd7 13.Rb1 h5 14.Re1 h4 15.Nf1 c5 16.Be3 Rc8
17.Nd2 e5 18.f4 Bf6 19.dxe5 dxe5 20.Nf3 Qe6 21.fxe5 Be7 22.Rf1 Bxc4 23.Bg5 Bxd3
24.Qxd3 Nc6 25.Bxe7 Qxe7 26.Rbd1 O-O 27.Qd7 Qxd7 28.Rxd7 h3 29.gxh3 Rce8
30.Kg2 Nxe5 31.Rxa7 Nc4 32.Rf2 Rxe4 33.Ng5 Re5 34.Nxf7 Ne3+ 35.Kg3 Rf5 36.Re2 Nf1+
37.Kg2 R8xf7 38.Rxf7 Kxf7 39.Kg1 Kf6 40.Kg2 b5 41.Kg1 c4 42.Kg2 Kg5 43.Kg1 Kh4
44.Kg2 Rf4 45.a3 g6 46.Re6 Nd2 47.Rxg6 Nb1  0-1

[Event "Oviedo rapid45"]
[Site "Oviedo"]
[Date "1992.??.??"]
[Round "3"]
[White "Eslon, Jaan"]
[Black "Sokolov, Ivan"]
[Result "0-1"]
[WhiteElo "2420"]
[BlackElo "2630"]

1.d4 Nf6 2.c4 g6 3.Nc3 Bg7 4.e4 d6 5.f3 O-O 6.Be3 a6 7.Qd2 c6 8.Bd3 Nbd7
9.Nge2 b5 10.O-O Nb6 11.cxb5 axb5 12.a3 Re8 13.Rad1 Be6 14.Bh6 Bh8 15.Nf4 Bb3
16.Rc1 e5 17.Nfe2 Nfd7 18.d5 cxd5 19.Nxb5 Nc5 20.exd5 Bxd5 21.Bc2 Bc4 22.Nbc3 d5
23.Rfd1 Nb3 24.Bxb3 Bxb3 25.Re1 Qd7 26.Ng3 Rad8 27.Qf2 Nc4 28.Nf1 Rb8 29.Kh1 Rec8
30.h4 f5 31.Nd2 Nxb2 32.Nxb3 Nd3 33.Qd2 Nxe1 34.Nxd5 Rd8 35.Rd1 Kf7 36.Nc5 Qb5
37.Qa2 Qb2 38.Qxb2 Rxb2 39.Bg5 Rd6 40.Na4 Rb7 41.Nac3 Nc2 42.a4 Nd4 43.Be3 Rbd7
44.Nb4 Nc6 45.Nbd5 Ne7 46.Bc5 Rxd5 47.Nxd5 Rxd5 48.Rc1 Rd2 49.Rb1 Ra2 50.Bxe7 Kxe7
51.Rb7+ Ke6 52.Rxh7 Bf6 53.g4 fxg4 54.fxg4 e4 55.g5 Be5  0-1

[Event "Oviedo rapid45"]
[Site "Oviedo"]
[Date "1992.??.??"]
[Round "4"]
[White "Sokolov, Ivan"]
[Black "Cifuentes Parada, Roberto"]
[Result "1-0"]
[WhiteElo "2630"]
[BlackElo "2540"]

1.c4 e6 2.Nc3 d5 3.d4 Be7 4.Bf4 Nf6 5.e3 O-O 6.Nf3 c5 7.dxc5 Bxc5 8.a3 Nc6
9.Be2 dxc4 10.Bxc4 a6 11.Qc2 b5 12.Bd3 Bb7 13.Ne4 Qa5+ 14.Ke2 Be7 15.Nxf6+ Bxf6
16.Bxh7+ Kh8 17.Rac1 Rac8 18.Qb1 b4 19.Be4 Rfd8 20.Rhd1 Qb5+ 21.Bd3 Qh5 22.Kf1 e5
23.Bg3 Ne7 24.Be4 Rxd1+ 25.Rxd1 Bxe4 26.Qxe4 bxa3 27.bxa3 Qg6 28.Qa4 e4 29.Nd2 Rd8
30.Nc4 Rxd1+ 31.Qxd1 Qf5 32.Nd6 Qe6 33.Qc2 Nf5 34.Nxe4 Be7 35.a4 f6 36.Bf4 a5
37.h3 Bb4 38.Kg1 Ne7 39.Bb8 Qd7 40.Ng3 Nc6 41.Bf4 Bf8 42.Qg6 Nb4 43.Qh5+ Kg8
44.Qxa5 g5 45.Bc7 Nc6 46.Qb6 Bb4 47.Ne4 Kf7 48.Bg3 Qd5 49.f3 Kg6 50.Qb5 Qe6
51.Qd3 f5 52.Nd6 Bc5 53.Nc4 Nb4 54.Qe2 Nd5 55.Bf2 Nc3 56.Qd3 Nxa4 57.g4 Be7
58.gxf5+ Qxf5 59.Ne5+ Kf6 60.Ng4+  1-0

[Event "Oviedo rapid45"]
[Site "Oviedo"]
[Date "1992.??.??"]
[Round "8"]
[White "Sokolov, Ivan"]
[Black "Sadler, Matthew"]
[Result "1-0"]
[WhiteElo "2630"]
[BlackElo "2485"]

1.d4 d5 2.c4 dxc4 3.Nc3 a6 4.e4 b5 5.a4 b4 6.Na2 e6 7.Bxc4 Nf6 8.f3 c5 9.Ne2 Nc6
10.Be3 cxd4 11.Nxd4 Na5 12.Be2 Be7 13.Nc1 O-O 14.Ncb3 Bb7 15.O-O Rc8 16.Nxa5 Qxa5
17.Nb3 Qe5 18.Qd4 Qb8 19.Rfd1 Rc2 20.Bd3 e5 21.Qa7 Rxb2 22.Na5 Qxa7 23.Bxa7 Ra8
24.Be3 Bc8 25.Nc4 Rb3 26.Nxe5 Be6 27.Nc6 Bf8 28.Bd4 Rc8 29.Rac1 Ra3 30.Rd2 Bd7
31.Bxf6 Rxc6 32.Rxc6 Bxc6 33.Be5 f5 34.Rd1  1-0

[Event "Elenite"]
[Site "Elenite"]
[Date "1993.??.??"]
[Round "3"]
[White "Dimitrov, Vladimir"]
[Black "Sokolov, Ivan"]
[Result "1/2-1/2"]
[WhiteElo "2525"]
[BlackElo "2610"]

1.e4 e5 2.Nf3 Nc6 3.Bb5 a6 4.Ba4 Nf6 5.O-O Be7 6.Re1 b5 7.Bb3 O-O 8.a4 b4
9.d3 d6 10.a5 Bb7 11.Nbd2 Re8 12.Nf1 Bf8 13.Bg5 h6 14.Bh4 Bc8 15.Ne3 Be7
16.Ba4 Bd7 17.Bxf6 Bxf6 18.Nd5 Rb8 19.Qd2 Be7 20.c3 b3 21.Qd1 Qc8 22.Nd2 Bg5
23.Nc4 Ne7 24.Nxe7+ Rxe7 25.Bxb3 Be6 26.Re2 Kh8 27.Ba2 f5 28.b4 f4 29.Nd2 Bg4
30.f3 Bd7 31.Bb3 Bf6 32.Ba4 c5 33.Nc4 cxb4 34.Bxd7 Qc5+ 35.Kh1 Rxd7 36.Rb1 Rdb7
37.Reb2 Rb5 38.cxb4 Rxb4 39.Rxb4 Rxb4 40.Rxb4 Qxb4 41.g3 fxg3 42.hxg3 Bd8
43.Kg2 Kh7 44.Qc2 Qe1 45.Qa2 Qd1 46.Nb6 h5 47.Nd7 Be7 48.Qf7 Qe2+ 49.Kg1  1/2-1/2

[Event "Groningen PCA"]
[Site "Groningen"]
[Date "1993.??.??"]
[Round "2"]
[White "Ljubojevic, Ljubomir"]
[Black "Sokolov, Ivan"]
[Result "1/2-1/2"]
[WhiteElo "2595"]
[BlackElo "2610"]

1.c4 e5 2.Nc3 Nf6 3.g3 Bb4 4.Bg2 O-O 5.Nf3 Re8 6.O-O e4 7.Nd4 Nc6 8.Nc2 Bxc3
9.bxc3 d5 10.cxd5 Qxd5 11.d4 Qh5 12.f3 Bh3 13.g4 Qh4 14.Ne3 g6 15.Bd2 exf3
16.Bxh3 f2+ 17.Rxf2 Rxe3 18.Bxe3 Qxh3 19.Rf3 Qxg4+ 20.Kh1 Nd5 21.Qb3 Qe6
22.Bg1 Na5 23.Qb5 b6 24.c4 Ne7 25.Re3 Qd6 26.Rf1 Nec6 27.Qd5 Rf8 28.Ref3 Qe7
29.a3 Nd8 30.Re3 Ne6 31.Qe4 Nxc4 32.d5 Nxe3 33.Qxe3 Re8 34.dxe6 Qxe6 35.Qxe6 Rxe6
36.Rc1 c5 37.Rc2 Rd6 38.Kg2 f5 39.Be3 Kf7 40.Kf3 Ke6 41.Rc1 Kd7  1/2-1/2

[Event "Leeuwarden op"]
[Site "Leeuwarden"]
[Date "1993.??.??"]
[Round "2"]
[White "Sokolov, Ivan"]
[Black "Riemersma, Liafbern"]
[Result "1-0"]
[WhiteElo "2610"]
[BlackElo "2420"]

1.d4 Nf6 2.c4 c5 3.d5 b5 4.cxb5 a6 5.f3 d6 6.e4 g6 7.Na3 Bg7 8.Ne2 O-O 9.Nc3 Ne8
10.Be3 Nc7 11.Qd2 axb5 12.Naxb5 Nxb5 13.Nxb5 Na6 14.a4 Nc7 15.Ra3 Bd7 16.Bc4 Nxb5
17.axb5 Qb6 18.Qd3 Bxb2 19.Ra6 Qb7 20.O-O Rab8 21.Rc6 Bxc6 22.dxc6 Qc7 23.f4 Ra8
24.Rb1 Ra1 25.Rxa1 Bxa1 26.f5 Be5 27.g3 Re8 28.Qa3 Rf8 29.Kg2 Qb6 30.Bh6 Bg7
31.Bd2 gxf5 32.exf5 Be5 33.Bh6 Bg7 34.Bxg7 Kxg7 35.Qe3 e6 36.Qg5+ Kh8 37.Qf6+ Kg8
38.fxe6  1-0

[Event "Oviedo rapid"]
[Site "Oviedo"]
[Date "1993.??.??"]
[Round "3"]
[White "Eslon, Jaan"]
[Black "Sokolov, Ivan"]
[Result "1/2-1/2"]
[WhiteElo "2440"]
[BlackElo "2610"]

1.d4 Nf6 2.c4 g6 3.Nc3 Bg7 4.Nf3 O-O 5.Bg5 d6 6.e3 c6 7.Be2 a6 8.O-O b5 9.a3 Nbd7
10.Nd2 Bb7 11.Rc1 bxc4 12.Nxc4 c5 13.dxc5 Nxc5 14.Bxf6 Bxf6 15.b4 Ne4 16.Nxe4 Bxe4
17.Bd3 Bxd3 18.Qxd3 Rc8 19.Rc2 Qe8 20.Na5 Qb5 21.Qb3 Rxc2 22.Qxc2 d5 23.g3 e5
24.Rd1 d4 25.exd4 exd4 26.Qd3 Rd8 27.Qxb5 axb5 28.Rd3 Kf8 29.Kf1 Rc8 30.Ke2 Ke7
31.Nb3 Rc2+ 32.Rd2 Rc4 33.Na5 Rc3 34.Rd3 Rc2+ 35.Rd2 Rxd2+ 36.Kxd2 Kd6 37.Kd3 Kd5
38.Nb3 g5 39.f3 Be5 40.Nc5 h5 41.a4 bxa4 42.Nxa4 h4 43.gxh4 gxh4 44.h3 Bc7
45.Nc5 Ke5 46.Nb3 Kf4 47.Nxd4 Kg3 48.Ke4 Kxh3 49.Nf5 Bd8 50.b5 Kg2 51.Nxh4+ Bxh4
52.b6 Bd8 53.b7 Bc7 54.Kf5 Kxf3  1/2-1/2

[Event "Oviedo rapid"]
[Site "Oviedo"]
[Date "1993.??.??"]
[Round "4"]
[White "Sokolov, Ivan"]
[Black "Chabanon, Jean Luc"]
[Result "1-0"]
[WhiteElo "2610"]
[BlackElo "2415"]

1.d4 Nf6 2.c4 e6 3.Nc3 Bb4 4.Bg5 h6 5.Bh4 c5 6.d5 Bxc3+ 7.bxc3 d6 8.e3 e5
9.f3 Nbd7 10.Bd3 Qa5 11.Ne2 g5 12.Bg3 Nb6 13.h4 g4 14.h5 gxf3 15.gxf3 Bd7
16.a4 a6 17.Qb3 Rb8 18.Bc2 Nc8 19.Kd2 Ne7 20.Bh4 Nh7 21.Ng3 Qc7 22.Bxh7 Rxh7
23.Ne4 Rh8 24.Rhg1 Bf5 25.Nf6+ Kf8 26.e4 Bc8 27.Ke3 b5 28.axb5 axb5 29.Qc2 Bh3
30.Qh2  1-0

[Event "Oviedo rapid"]
[Site "Oviedo"]
[Date "1993.??.??"]
[Round "11"]
[White "Yakovich, Yuri"]
[Black "Sokolov, Ivan"]
[Result "1/2-1/2"]
[WhiteElo "2525"]
[BlackElo "2610"]

1.e4 e5 2.Nf3 Nc6 3.d4 exd4 4.Nxd4 Nf6 5.Nxc6 bxc6 6.e5 Qe7 7.Qe2 Nd5 8.c4 Nb6
9.Nc3 a5 10.Qe4 g6 11.Bd3 Bg7 12.f4 O-O 13.O-O d5 14.cxd5 cxd5 15.Nxd5 Qc5+
16.Be3 Qxd5 17.Bxb6 Qxe4 18.Bxe4 cxb6 19.Bxa8 Ba6 20.Bd5 Bxf1 21.Kxf1 Rd8
22.Rd1 Kf8 23.Ke2 f6 24.exf6 Bxf6 25.b3 Kg7 26.Kf3 b5 27.g4 a4 28.g5 Bb2
29.bxa4 bxa4 30.Ke4 Re8+ 31.Kd3 Rd8 32.Kc4 Rf8 33.Rf1 Be5 34.h4 Rxf4+ 35.Rxf4 Bxf4
36.Kd3 Bg3 37.h5 gxh5  1/2-1/2

[Event "Oviedo rapid"]
[Site "Oviedo"]
[Date "1993.??.??"]
[Round "12"]
[White "Sokolov, Ivan"]
[Black "Ivkov, Borislav"]
[Result "1-0"]
[WhiteElo "2610"]
[BlackElo "2505"]

1.d4 Nf6 2.c4 e6 3.Nc3 d5 4.Bg5 Be7 5.e3 O-O 6.Qc2 Ne4 7.Bxe7 Qxe7 8.Nf3 c6
9.Bd3 f5 10.O-O Bd7 11.Ne5 Be8 12.f3 Nxc3 13.bxc3 Nd7 14.Nxd7 Bxd7 15.Rab1 Rab8
16.e4 fxe4 17.fxe4 Rxf1+ 18.Rxf1 g6 19.e5 Rf8 20.Rxf8+ Qxf8 21.Qd2 Kg7 22.h4 h6
23.Qe3 b5 24.Qf3 Be8 25.c5 a5 26.a3 a4 27.Bc2 Qf7 28.Bd1 Qe7 29.Kf2 g5 30.h5 Qf8
31.Kg1 Bf7 32.Qd3 Be8 33.Bg4 Qf7 34.g3 Kf8 35.Qb1 Kg7 36.Qb4 Qc7 37.Bxe6 Bxh5
38.Qb1 Bg6 39.Qf1 Qe7 40.Bc8 Be8 41.Qf5 Qf7 42.g4 Qe7 43.Kg2 Qf7 44.Kg3 Qe7
45.e6 h5  1-0

[Event "Oviedo rapid"]
[Site "Oviedo"]
[Date "1993.??.??"]
[Round "13"]
[White "Zarnicki, Pablo"]
[Black "Sokolov, Ivan"]
[Result "0-1"]
[WhiteElo "2455"]
[BlackElo "2610"]

1.e4 e5 2.Nf3 Nc6 3.Nc3 Nf6 4.d4 exd4 5.Nxd4 Bb4 6.Nxc6 bxc6 7.Bd3 d5 8.exd5 cxd5
9.O-O O-O 10.Bg5 c6 11.Na4 h6 12.Bh4 Re8 13.c4 Bd6 14.Rc1 Bf4 15.Rc2 Bg4
16.f3 Be6 17.cxd5 Bxd5 18.Bc4 Qd6 19.Bxf6 Bxh2+ 20.Kh1 Qxf6 21.Bxd5 Bg3 22.Rc4 cxd5
23.Rg4 Qe5 24.Kg1 Bh2+ 25.Kh1 Qh5  0-1

[Event "Akureyri"]
[Site "Akureyri"]
[Date "1994.??.??"]
[Round "?"]
[White "Danielsen, Henrik"]
[Black "Sokolov, Ivan"]
[Result "0-1"]
[WhiteElo "2480"]
[BlackElo "2650"]

1.d4 Nf6 2.Nf3 g6 3.g3 Bg7 4.Bg2 O-O 5.O-O d5 6.c4 dxc4 7.Na3 c6 8.Nxc4 Be6
9.b3 Bd5 10.Bb2 a5 11.Qc2 Be4 12.Qc1 a4 13.Ncd2 Bf5 14.Ne5 Bh6 15.f4 Qc8
16.Ba3 Qd8 17.Bb2 axb3 18.e4 Be6 19.axb3 Rxa1 20.Qxa1 Na6 21.Ba3 Re8 22.Qc3 Nc7
23.Bb2 Nb5 24.Qd3 Bg7 25.Kh1 Nd7 26.d5 Nxe5 27.fxe5 Nc7 28.Nc4 cxd5 29.Rd1 d4
30.Bxd4 Bg4 31.Bf3 Qc8 32.Nb6 Bxf3+ 33.Qxf3 Qe6 34.Nd5 Nb5 35.Qd3 Nxd4 36.Nc7 Qc6
37.Nxe8 Bxe5 38.Qe3 Ne6 39.Rd5 Bb8  0-1

[Event "AUT-chT"]
[Site "?"]
[Date "1994.??.??"]
[Round "?"]
[White "Hertneck, Gerald"]
[Black "Sokolov, Ivan"]
[Result "1/2-1/2"]
[WhiteElo "2555"]
[BlackElo "2610"]

1.d4 Nf6 2.c4 e6 3.Nf3 c5 4.d5 b5 5.dxe6 fxe6 6.cxb5 Bb7 7.Bg5 Qa5+ 8.Nc3 d5
9.e3 Nbd7 10.Bd3 Bd6 11.O-O Qc7 12.Bh4 O-O 13.Bg3 Bxg3 14.hxg3 Rae8 15.Rc1 e5
16.e4 d4 17.Na4 Nxe4 18.b4 Ndf6 19.Nxc5 Nc3 20.Rxc3 dxc3 21.Ng5 Bd5 22.Bxh7+ Kh8
23.Bg6 Re7 24.Qd3 e4 25.Qxc3 Qe5 26.Qxe5 Rxe5 27.Nh3 e3 28.a4 Bc4 29.Nd3 Bxd3
30.Bxd3 Nd5 31.f3 Rd8 32.Re1 Nxb4 33.Be4 Rxe4 34.fxe4 Nc2 35.Rc1 e2 36.Kf2 Rd2
37.Rxc2 Rxc2 38.Nf4 Ra2 39.Nxe2 Rxa4 40.Ke3 Ra2 41.Nd4 Rxg2 42.Kf4 Kg8 43.Nc6 Ra2
44.Ke5 a6 45.bxa6 Rxa6 46.Nd4 Rf6 47.Nf5 Kf8 48.g4 Kf7 49.Kd5 Ra6 50.e5 Ra5+
51.Kd6 g6 52.Nd4 Ra1 53.e6+ Ke8 54.Ke5 Rf1 55.Nc6 Rg1  1/2-1/2

[Event "Garmisch"]
[Site "Garmisch"]
[Date "1994.??.??"]
[Round "4"]
[White "Van Wely, Loek"]
[Black "Sokolov, Ivan"]
[Result "0-1"]
[WhiteElo "2560"]
[BlackElo "2625"]

1.d4 Nf6 2.c4 g6 3.Nc3 d5 4.Nf3 Bg7 5.cxd5 Nxd5 6.e4 Nxc3 7.bxc3 c5 8.Rb1 O-O
9.Be2 Qa5 10.O-O Qxc3 11.Rb3 Qa5 12.Rb5 Qxa2 13.Rxc5 Qe6 14.e5 Na6 15.d5 Qb6
16.Rc4 Bd7 17.Ba3 Rfe8 18.Qc2 Qa5 19.Rc3 Rac8 20.Rxc8 Rxc8 21.Qb3 Nc5 22.Bxc5 Qxc5
23.Qxb7 Bg4 24.d6 exd6 25.exd6 Qxd6 26.Qxa7 h6 27.h3 Be6 28.Rd1 Qf4 29.Nd4 Be5
30.g3 Bxd4 31.Rxd4 Rc1+ 32.Rd1 Qd2 33.Rxc1 Qxc1+ 34.Kg2 Bxh3+ 35.Kxh3 Qh1+
36.Kg4 f5+  0-1

[Event "Garmisch"]
[Site "Garmisch"]
[Date "1994.??.??"]
[Round "7"]
[White "Sokolov, Ivan"]
[Black "Bischoff, Klaus"]
[Result "1-0"]
[WhiteElo "2625"]
[BlackElo "2525"]

1.d4 e6 2.c4 b6 3.a3 Bb7 4.Nc3 f5 5.Nh3 Nf6 6.Bg5 h6 7.Bxf6 Qxf6 8.Nf4 Bd6
9.Qd2 g5 10.Nh3 Bf8 11.e3 Bg7 12.f3 d6 13.Nf2 Nd7 14.Be2 a6 15.O-O O-O 16.Rad1 Rad8
17.b4 c5 18.Qb2 cxd4 19.Rxd4 Qe7 20.Rd2 Ne5 21.Qb3 Rfe8 22.Rfd1 Qc7 23.e4 f4
24.h3 Rd7 25.Na4 Bc6 26.b5 axb5 27.cxb5 Bb7 28.Qb4 d5 29.Qb1 Qd8 30.Qc2 d4
31.Ng4 Nxg4 32.hxg4 Rc7 33.Qb3 Qd6 34.Bc4 Bc8 35.Nb2 Bd7 36.Nd3 Rec8 37.Rc2 Kh7
38.Re1 Bf8 39.Ra1 e5 40.Bg8+ Kh8 41.Rxc7 Rxc7 42.Bc4 h5 43.gxh5 g4 44.fxg4 Bxg4
45.Nf2 Bxh5 46.Qh3 Rh7 47.Qf5 Bg6 48.Qg4 Qf6 49.a4 Rc7 50.Bd5 Bb4 51.Qh3+ Kg7
52.Rb1 Bd2 53.Ng4 Qg5 54.Nh2 Be3+ 55.Kh1 d3 56.Nf3 Qe7 57.Rd1 Rc3 58.a5 bxa5
59.Nh4 d2 60.Qg4 Qf6 61.b6 Rc1 62.Nf5+ Kf8 63.b7 Qh8+ 64.Nh4 Rxd1+ 65.Kh2 Rb1
66.Qc8+ Kg7  1-0

[Event "Garmisch"]
[Site "Garmisch"]
[Date "1994.??.??"]
[Round "9"]
[White "Sokolov, Ivan"]
[Black "Lutz, Christopher"]
[Result "1/2-1/2"]
[WhiteElo "2625"]
[BlackElo "2580"]

1.d4 Nf6 2.c4 e6 3.Nf3 d5 4.Nc3 Be7 5.Bg5 h6 6.Bh4 O-O 7.e3 b6 8.Be2 Bb7
9.Bxf6 Bxf6 10.cxd5 exd5 11.b4 c6 12.O-O a5 13.bxa5 Rxa5 14.Qb3 Bc8 15.Bd3 Be6
16.a4 c5 17.Bb5 Na6 18.Rad1 c4 19.Qb1 Nc7 20.Ne5 Nxb5 21.axb5 Bxe5 22.dxe5 Qa8
23.f4 Ra3 24.Qc2 Bf5 25.Qxf5 Rxc3 26.Rf3 Qa3 27.Kf2 Qb2+ 28.Kg3 Qe2 29.Rxd5 Rxe3
30.Rd7 Rxf3+ 31.gxf3 Qe1+ 32.Kg2 Qe2+ 33.Kg3 Qe1+  1/2-1/2

[Event "Garmisch"]
[Site "Garmisch"]
[Date "1994.??.??"]
[Round "12"]
[White "Sokolov, Ivan"]
[Black "Short, Nigel D"]
[Result "1/2-1/2"]
[WhiteElo "2625"]
[BlackElo "2665"]

1.d4 d5 2.c4 c6 3.Nf3 Nf6 4.e3 a6 5.Nbd2 Bf5 6.Qb3 Qc7 7.Bd3 Bxd3 8.Qxd3 e6
9.O-O Nbd7 10.e4 dxe4 11.Nxe4 Be7 12.b3 O-O 13.Bb2 Rad8 14.Rfe1 Rfe8 15.Rad1 Qa5
16.Bc3 Bb4 17.Bxb4 Qxb4 18.Nxf6+ Nxf6 19.Qe3 Qa5 20.Rd2 Qf5 21.h3 h6 22.Ne5 Nd7
23.Red1 Qg5 24.f4 Qe7 25.Nf3 Qd6 26.Re1 Qc7 27.Ne5 Nf8 28.Qf3 f6 29.Ng4 Ng6
30.Rf1 Ne7 31.Ne3 Nf5 32.Rfd1 Nxe3 33.Qxe3 Re7 34.Qe4 Kf7 35.Rd3 Qa5 36.a4 h5
37.Qf3 Qf5 38.d5 exd5 39.cxd5 Red7 40.d6 Re8 41.Re3 Rxe3 42.Qxe3 Qe6 43.Qd3 g6
44.b4 Qd5 45.Qc2 Qe6 46.Qc5 Qe4 47.Rd4 Qe1+ 48.Kh2 h4 49.Qc4+ Kg7 50.Qd3 Qe6
51.a5 Kf7 52.Qd2  1/2-1/2

[Event "Garmisch"]
[Site "Garmisch"]
[Date "1994.??.??"]
[Round "14"]
[White "Sokolov, Ivan"]
[Black "Stangl, Markus"]
[Result "0-1"]
[WhiteElo "2625"]
[BlackElo "2535"]

1.d4 d5 2.c4 c6 3.Nf3 e6 4.Qc2 Nf6 5.g3 dxc4 6.Qxc4 b5 7.Qb3 Bb7 8.Bg2 Nbd7
9.O-O a6 10.a4 c5 11.axb5 Bd5 12.Qd3 Be4 13.Qb3 Bd5 14.Qd1 axb5 15.Rxa8 Qxa8
16.Bf4 cxd4 17.Qxd4 Bc5 18.Qd1 O-O 19.Nbd2 h6 20.e4 Bc6 21.Ne5 Nxe5 22.Bxe5 Nd7
23.Bf4 e5 24.Be3 Bxe3 25.fxe3 Qa7 26.Qe2 Nf6 27.h3 Rd8 28.Rc1 Rd6 29.Kh2 Qa5
30.Rc3 Qb4 31.Rd3 Rxd3 32.Qxd3 Qxb2 33.g4 b4 34.Kg3 Qc3 35.Bf1 Qxd2  0-1

[Event "Groningen"]
[Site "Groningen"]
[Date "1994.??.??"]
[Round "6"]
[White "Jussupow, Artur"]
[Black "Sokolov, Ivan"]
[Result "1/2-1/2"]
[WhiteElo "2655"]
[BlackElo "2625"]

1.d4 d5 2.c4 c6 3.Nc3 Nf6 4.cxd5 cxd5 5.Bf4 Nc6 6.e3 Ne4 7.Bd3 Nxc3 8.bxc3 g6
9.Nf3 Bg7 10.O-O O-O 11.c4 dxc4 12.Bxc4 Bf5 13.Rc1 Rc8 14.Qe2 a6 15.h3 b5
16.Bb3 Bd7 17.d5 Na5 18.Ne5 Nxb3 19.axb3 e6 20.Rcd1 Qe8 21.d6 f6 22.Nxd7 Qxd7
23.e4 Rc6  1/2-1/2

[Event "Leeuwarden op"]
[Site "Leeuwarden"]
[Date "1994.??.??"]
[Round "2"]
[White "Ulibin, Mikhail"]
[Black "Sokolov, Ivan"]
[Result "0-1"]
[WhiteElo "2510"]
[BlackElo "2625"]

1.e4 e5 2.Nf3 Nc6 3.Bb5 a6 4.Ba4 Nf6 5.O-O Be7 6.Bxc6 dxc6 7.d3 Qd6 8.Nbd2 Be6
9.Qe2 b5 10.d4 Nd7 11.c3 O-O 12.b3 Bg4 13.h3 Bh5 14.Bb2 Rad8 15.Qe3 Rfe8
16.a4 Bf6 17.axb5 axb5 18.Ba3 Qe6 19.dxe5 Bxe5 20.Nd4 Qg6 21.f4 Bxd4 22.cxd4 f5
23.e5 Nb6 24.Bc5 Nd5 25.Qf2 Ra8 26.Rfe1 Qh6 27.g3 Bf7 28.Kh2 Be6 29.Qf3 Qg6
30.Nf1 h6 31.Nd2 Qf7 32.Qd3 Red8 33.Qf1 Qh5 34.Qf3 Qe8 35.Qf1 Rxa1 36.Rxa1 Ra8
37.Qc1 Rxa1 38.Qxa1 Qh5 39.Qe1 Kf7 40.h4 Qg4 41.Qf1 Nc3 42.Qf3 Qxf3 43.Nxf3 Bxb3
44.Ne1 h5 45.Nd3 g6 46.Nb4 Bd5 47.Na6 Na2 48.Kg1 Bc4 49.Nb4 Ke6 50.Nxa2 Bxa2
51.Kf2 Kd5 52.Ke3 Bb1 53.Kd2 Ke4 54.Kc3 Ba2 55.Be7 Kf3 56.Kb4 Kxg3 57.Bg5 Kf3
58.Bh6 Ke4 59.Kc3 Be6 60.Bg5 Bf7 61.Bh6 Bd5 62.Bg5 Be6 63.Bh6 b4+ 64.Kxb4 Kxd4
65.Bf8 c5+ 66.Kb5 c4 67.Kc6 g5 68.Bc5+ Ke4 69.fxg5 c3  0-1

[Event "Leeuwarden op"]
[Site "Leeuwarden"]
[Date "1994.??.??"]
[Round "6"]
[White "Hellers, Ferdinand"]
[Black "Sokolov, Ivan"]
[Result "1/2-1/2"]
[WhiteElo "2560"]
[BlackElo "2625"]

1.e4 e5 2.Nf3 Nc6 3.Bb5 a6 4.Ba4 Nf6 5.O-O b5 6.Bb3 Be7 7.Re1 O-O 8.d3 d6
9.c3 Na5 10.Bc2 c5 11.Nbd2 Nd7 12.Nf1 Nb6 13.Ng3 Re8 14.d4 cxd4 15.cxd4 Nc6
16.d5 Nb4 17.Bb1 a5 18.b3 Bd7 19.Bd2 Nc8 20.a3 Na6 21.b4 axb4 22.axb4 Nb6
23.Bd3 Na4 24.Qe2 Nc7 25.Be3 Qb8 26.Rec1 Rc8 27.Qd2 Bd8 28.Ne2 Na6 29.Rxc8 Qxc8
30.Rc1 Qb7 31.Ne1 Bb6 32.Nc2 Rc8 33.Bxb6 Qxb6 34.Na3 Rxc1+ 35.Nxc1 Qd4 36.Nb3 Qc3
37.Qxc3 Nxc3 38.Nc2 f5 39.f3 Be8 40.Kf2 f4 41.Ke1 Kf8 42.Kd2 Na2 43.Na3 Nc7
44.Nc2 Ke7 45.Nc1 Nxc1 46.Kxc1 g5 47.Kd2 h5 48.h3 Kd8 49.Be2 Kc8 50.Na3 Kb7
51.Ke1 Bd7 52.Kf2 Kb6 53.Ke1 Ne8 54.Kf2 Nf6 55.Ke1 g4 56.hxg4 hxg4 57.Kf2 g3+
58.Ke1 Ne8 59.Kd1 Nc7 60.Ke1 Bc8 61.Kd2 Bd7  1/2-1/2

[Event "EUCup f"]
[Site "Lyon"]
[Date "1994.??.??"]
[Round "?"]
[White "Sokolov, Ivan"]
[Black "Pinter, Jozsef"]
[Result "1/2-1/2"]
[WhiteElo "2625"]
[BlackElo "2550"]

1.d4 Nf6 2.c4 e6 3.Nf3 d5 4.Nc3 c6 5.Bg5 dxc4 6.e4 b5 7.a4 Bb7 8.axb5 cxb5
9.Nxb5 Bxe4 10.Bxc4 Bb4+ 11.Nc3 O-O 12.O-O Bxc3 13.bxc3 Qc7 14.Bxf6 Qxc4
15.Nd2 Qc6 16.Nxe4 Qxe4 17.Re1 Qf5 18.Be7 Rc8 19.Re5 Qg6 20.Rg5 Qe4 21.Bf6 g6
22.Qa4 a6 23.Rc5 Qb7 24.Qb3 Qd7 25.c4 Qe8 26.Rca5 Nd7 27.Bg5 Rc6 28.h4 Rac8
29.c5 e5 30.Re1 Qf8 31.Qd5 R8c7 32.dxe5 Nxc5 33.Be3 Ne6 34.Rea1 Qc8 35.Qd2 h5
36.Qe2 Qe8 37.R5a4 Rd7  1/2-1/2

[Event "Madrid"]
[Site "Madrid"]
[Date "1994.??.??"]
[Round "5"]
[White "Magem Badals, Jorge"]
[Black "Sokolov, Ivan"]
[Result "0-1"]
[WhiteElo "2505"]
[BlackElo "2650"]

1.e4 e5 2.Nf3 Nc6 3.Bb5 a6 4.Ba4 Nf6 5.d3 d6 6.c3 Be7 7.Nbd2 O-O 8.Nf1 b5
9.Bc2 d5 10.Qe2 Be6 11.h3 h6 12.Ng3 Qd7 13.Bb3 a5 14.a4 b4 15.Ba2 Rad8 16.O-O Rfe8
17.Re1 Bf8 18.Bd2 Rb8 19.Be3 Rb7 20.Rad1 bxc3 21.bxc3 Ba3 22.Bc1 Bxc1 23.Rxc1 Qd6
24.exd5 Nxd5 25.Qd2 Rd8 26.d4 exd4 27.cxd4 Rb6 28.Ne4 Qa3 29.Bc4 Qxa4 30.Nc5 Qb4
31.Nxe6 fxe6 32.Rxe6 Nxd4 33.Qxd4 c5 34.Qe4 Qb2 35.Re1 Rbb8 36.Re8+ Rxe8  0-1

[Event "Madrid"]
[Site "Madrid"]
[Date "1994.??.??"]
[Round "6"]
[White "Sokolov, Ivan"]
[Black "San Segundo, Pablo"]
[Result "1-0"]
[WhiteElo "2650"]
[BlackElo "2470"]

1.d4 d5 2.c4 c6 3.Nc3 e6 4.e4 dxe4 5.Nxe4 Bb4+ 6.Bd2 Qxd4 7.Bxb4 Qxe4+ 8.Be2 c5
9.Bc3 Ne7 10.Nf3 O-O 11.O-O f6 12.Bd3 Qf4 13.Re1 Nbc6 14.Nd2 Rd8 15.Ne4 f5
16.g3 Qc7 17.Ng5 e5 18.Qh5 h6 19.Qf7+ Kh8 20.Nf3 Nd5 21.Ng5 Nde7 22.h4 hxg5
23.hxg5 Be6 24.Qxe6 Nd4 25.Bxd4 Rxd4 26.Bxf5 Nxf5 27.Qxf5 Re8 28.g6 Kg8 29.Qh5 Re6
30.Qh7+ Kf8 31.Qh8+ Ke7 32.Qxg7+ Kd6 33.Qf8+ Qe7 34.g7 Rg6  1-0

[Event "Moscow ol (Men)"]
[Site "Moscow"]
[Date "1994.??.??"]
[Round "6"]
[White "Sokolov, Ivan"]
[Black "Thipsay, Praveen Mahadeo"]
[Result "1-0"]
[WhiteElo "2625"]
[BlackElo "2505"]

1.d4 Nf6 2.c4 g6 3.Nc3 Bg7 4.e4 d6 5.h3 O-O 6.Be3 e5 7.d5 a5 8.Bd3 Na6 9.Nge2 Nc5
10.Bc2 c6 11.a3 cxd5 12.cxd5 Bd7 13.b4 Na6 14.Rb1 axb4 15.axb4 Nh5 16.Na4 f5
17.exf5 Bxf5 18.Nb6 Rb8 19.O-O Qh4 20.Bxf5 Rxf5 21.Nc3 Nf4 22.Qg4 Qe7 23.Ne4 Nc7
24.Qd1 Kh8 25.b5 Rd8 26.Kh2 Rh5 27.Re1 Rf8 28.Qb3 Qh4 29.Bxf4 exf4 30.Qf3 Nxd5
31.Nc4 Qd8 32.Nexd6 Qd7 33.b6 Qc6 34.Re6 Qd7 35.Ree1 Qc6 36.Rbd1 Qc5 37.Re6 Kg8
38.Ne5 Nxb6 39.Nxb7 Qc8 40.Qb3 Bxe5 41.Rc6+ Kh8 42.Rxc8 Nxc8 43.Nd8  1-0

[Event "NLD-ch"]
[Site "?"]
[Date "1994.??.??"]
[Round "2"]
[White "Sokolov, Ivan"]
[Black "Bosch, Jeroen"]
[Result "0-1"]
[WhiteElo "2650"]
[BlackElo "2370"]

1.d4 Nf6 2.c4 d6 3.Nc3 Bf5 4.f3 e5 5.e4 exd4 6.Qxd4 Be6 7.Bg5 Nc6 8.Qd2 Be7
9.Be3 O-O 10.b3 a5 11.Bd3 Nd7 12.Nge2 Bh4+ 13.g3 Nde5 14.O-O Nxd3 15.Qxd3 Bf6
16.Rac1 Bxc3 17.Qxc3 f5 18.Nf4 Qd7 19.exf5 Bxf5 20.Rcd1 Qf7 21.Bc1 b6 22.Bb2 Ne5
23.Nd5 Bh3 24.Rf2 Rae8 25.Qd4 Qxf3 26.Nxc7 Qxf2+ 27.Qxf2 Rxf2 28.Kxf2 Ng4+
29.Kg1 Re2 30.Bd4 Rg2+ 31.Kh1 Rxh2+ 32.Kg1 Rg2+ 33.Kh1 Rh2+ 34.Kg1 Rxa2 35.Bxb6 Ne5  0-1

[Event "Pardubice"]
[Site "Pardubice"]
[Date "1994.??.??"]
[Round "2"]
[White "Ftacnik, Lubomir"]
[Black "Sokolov, Ivan"]
[Result "0-1"]
[WhiteElo "2570"]
[BlackElo "2625"]

1.Nf3 Nf6 2.c4 e6 3.Nc3 Bb4 4.g3 b6 5.Bg2 Bb7 6.O-O Bxc3 7.bxc3 d6 8.d3 O-O
9.e4 Nbd7 10.Ne1 a6 11.g4 Ne8 12.g5 c5 13.a4 e5 14.Nc2 Nc7 15.Qg4 f6 16.h4 fxg5
17.hxg5 Rf7 18.Ne3 Nf8 19.Nf5 Nce6 20.f4 Bc8 21.Nh6+ gxh6 22.gxh6+ Kh8 23.f5 Nf4
24.Bxf4 exf4 25.Rxf4 Qf6 26.Qg3 Qxc3 27.Rb1 Qe5 28.Rxb6 Nd7 29.Qh4 Rf8 30.Rb3 Nf6
31.Rf1 Bd7 32.Qf4 Bxa4 33.Qxe5 dxe5 34.Ra3 Bc6 35.Rfa1 Bb7 36.Rb1 Ra7 37.Rb6 Bc8
38.Rc6 Rb7 39.Rxc5 Rb1+ 40.Kf2 Rb2+ 41.Kf3 Rg8 42.Bf1 Bd7 43.Rxa6 Be8 44.Rxe5 Bh5+
45.Ke3 Ng4+ 46.Kd4 Nxe5 47.Kxe5 Rb1 48.Bh3 Rh1 49.d4 Rxh3 50.d5 Re8+ 51.Re6 Kg8
52.c5 Kf8 53.c6 Bf7 54.Rxe8+ Kxe8 55.Kd6 Rxh6+ 56.Kc7 Ke7 57.Kb7 Rh1  0-1